000 01437cam a2200313 i 4500
003 SA-RiAUC
005 20241124142505.0
008 241123s1995 ti f i000 0 ara c
040 _aOM-MuSQU
_bara
_cSA-RiAUC.
_erda
041 1 _aara
_heng
050 1 4 _b. C6312 1995
050 0 0 _bC64. 1995
082 0 4 _a341.7582
_qSA-RiAUC
090 _a341.7582
_b ك و ل
100 1 _aكولومبيه، كلود
_eمؤلف.
240 1 0 _aGrands principes du droit d'auteur et des droits voisins dans le monde.
_lArabic.
245 1 2 _aالمبادئ الأساسية لحق المؤلف والحقوق المجاورة في العالم :
_bدراسة في القانون المقارن /
_cكلود كولومبيه.
264 1 _aتونس :
_bالمنظمة العربية للتربية والثقافة والعلوم،
_c1995
300 _a186 صفحة ؛
_c24 سم
336 _aنص
_btxt
_2rdacontent
_3كتاب
337 _aبدون وسيط
_bn
_2rdamedia
338 _aمجلد
_bnc
_2rdacarrier
650 7 _aحقوق التأليف والنشر (قانون دولي)
_2aucsh
650 7 _aالتأليف
_2aucsh
650 7 _aالقانون المقارن
_2aucsh
700 1 2 _iترجمة لـ :
_aكولومبيه، كلود.
_tGrands principes du droit d'auteur et des droits voisins dans le monde : approche de droit comparé.
942 _2ddc
_cBOOK
_n0
949 _aSA-JeALM
_d241123
_umohamedma123
_n1
999 _c2724
_d2724